000 00535nam a2200193 a 4500
001 000023638
005 20200930022351.0
008 101216s1983 cl r 000 0 spa d
040 _aDO-SdBNP
_bspa
_cBNPHU
082 _annnn
100 1 _aOrrego Luco, Luis,
_d1866-1948
_948711
245 1 0 _aCasa grande /
_cLuis Orrego Luco.
260 _aChile :
_bAndrés Bello,
_c1983.
300 _a253 p. ;
_c18 cm.
490 1 _aAniversario
_v24
500 _aLos mejores libros chilenos
830 0 _aAniversario
_v24
_932278
049 _aBNGR
999 _c23134
_d23134